Movies Quiz

Random Movies or Animation Quiz

Disney Movie by Villain Quiz Stats

 Plays Quiz Updated Dec 4, 2017

Challenge
Share
Tweet
Embed
Score 0/40 Timer 06:00
17 Plays Today
Villain Disney film % Correct
ScarThe Lion King
98.6%
Captain HookPeter Pan
98.3%
Queen of HeartsAlice in Wonderland
96.4%
HadesHercules
87.4%
UrsulaThe Little Mermaid
85.5%
JafarAladdin
81.3%
Shan YuMulan
73.7%
GastonBeauty and the Beast
72.1%
Cruella de VilOne Hundred and One Dalmatians
71.7%
Shere KhanThe Jungle Book
70.7%
MaleficentSleeping Beauty
64.6%
Wicked QueenSnow White and the Seven Dwarfs
61.5%
SyndromeThe Incredibles
61.2%
Prince JohnRobin Hood
57.2%
SidToy Story
56.8%
HopperA Bug's Life
56.7%
LotsoToy Story 3
53.8%
YzmaThe Emperor's New Groove
53.1%
Stinky Pete the ProspectorToy Story 2
49%
ManBambi
44.4%
Villain Disney film % Correct
Lady TremaineCinderella
40.6%
AUTOWALL-E
40.1%
Governor RatcliffePocahontas
40.1%
Mr. ClaytonTarzan
37.2%
FrolloThe Hunchback of Notre Dame
37.2%
Mother GothelTangled
34.4%
Henry WaternooseMonsters Inc.
32.9%
Professor RatiganThe Great Mouse Detective
30.9%
Madam MimThe Sword in the Stone
30.8%
Charles MuntzUp
30.7%
StromboliPinocchio
29.4%
EdgarThe Aristocats
26.4%
Te KāMoana
24.7%
Dr. FacilierThe Princess and the Frog
21.3%
Madame MedusaThe Rescuers
20.8%
John SilverTreasure Planet
17.5%
SykesOliver & Company
16.6%
McLeachThe Rescuers Down Under
11.1%
SkinnerRatatouille
11.1%
ChernabogFantasia
9.8%

You're not logged in!

Compare scores with friends on all Sporcle quizzes.
Join for Free
OR
Log In

You Might Also Like...

Show Comments

Extras

Top Quizzes Today


Score Distribution

Your Account Isn't Verified!

In order to create a playlist on Sporcle, you need to verify the email address you used during registration. Go to your Sporcle Settings to finish the process.

Report this User

Report this user for behavior that violates our Community Guidelines.

Details: